| 000 | 00879nas a2200289 4500 | ||
|---|---|---|---|
| 001 | BR0603347 | ||
| 003 | BR-BrBNA | ||
| 005 | 20231205110211.0 | ||
| 007 | ta | ||
| 008 | 230509b bl.|||p| |||| 00| 00por d | ||
| 040 |
_aBR-BrBNA _bpor _cBiblioteca Nacional de Agricultura |
||
| 041 | _a(Pt) | ||
| 072 | _aL01 | ||
| 100 | 1 | _aGottschall, C.S. | |
| 100 | 1 | _aMartins, F.M. | |
| 100 | 1 | _aRies, L.R. | |
| 245 | 1 | _aDesempenho e características de carcaça de novilhos superprecoces inteiros e castrados submetidos ao confinamento | |
| 650 | _aNOVILHO | ||
| 650 | _aCONFINAMENTO | ||
| 650 | _aCARCAÇA | ||
| 650 | _aGANHO DE PESO | ||
| 650 | _aRENDIMENTO | ||
| 650 | _aMÉTODO ESTATÍSTICO | ||
| 773 | 0 |
_tVeterinária em Foco (Brazil) _xISSN 1679-5237 _g(May-Oct 2004), v. 2(1) p. 95-102 _wBR0603347 |
|
| 909 |
_a202311 _bLúcia _c55 _dLúcia Elande |
||
| 942 |
_2AGRIS _n0 _cANA |
||
| 999 |
_c186493 _d186493 |
||